PELAN STRATEGIK MAJLIS BANDARAYA PETALING JAYA 2016-2026 : MENERAJUI DINAMIKA METROPOLIS

Bibliographic Details
Format: Book

MARC

LEADER 00000cam a2200000 7i4500
001 0000282535
005 20231204152451.0
006 aa ### ###s
007 ta
008 231204s2020 my s
040 |a MBPJ   |b eng   |c MBPJ   |e rda 
090 0 |a PEL 001 
110 2 |a Majlis Bandaraya Petaling Jaya   |e issuing body 
245 1 0 |a PELAN STRATEGIK MAJLIS BANDARAYA PETALING JAYA 2016-2026 :   |b MENERAJUI DINAMIKA METROPOLIS   |c Majlis Bandaraya Petaling Jaya 
264 0 |a Petaling Jaya :   |b Majlis Bandaraya Petaling Jaya   |c 2020 
300 |a 85 pages :   |b colour illustrations ;   |c 30 cm. 
336 |a text  |2 rdacontent 
337 |a unmediated  |2 rdamedia 
338 |a volume  |2 rdacarrier 
500 |a Dokumen terbitan MBPJ - pelan/peta (17/01/2020) 
500 |a Perpustakaan mempunyai 2 salinan bahan 
999 |a BA0067/20   |b DOKUMEN TERBITAN MBPJ   |c KOLEKSI BAHAN ARKIB   |e PERPUSTAKAAN KOMUNITI PETALING JAYA 
999 |a BA0068/20   |b DOKUMEN TERBITAN MBPJ   |c KOLEKSI BAHAN ARKIB   |e PERPUSTAKAAN KOMUNITI PETALING JAYA